000 00672cam a2200205 4500
008 000000n2001 000 0 eng u
020 _a1860814883
035 _a(Sirsi) u116081
050 _a690
100 _aStirling, Charles
110 _aBuilding Research Establishment
245 _aLevel external thresholds: reducing moisture penetration and thermal bridging
260 _aLondon
_bCRC Ltd
_c2001
300 _a8p. : ill. ; 30cm.
490 _aBRE Good Building Guide
_vGBG 47
650 _aMANAGEMENT-BUSINESS MANAGEMENT-DISCRIMINATION-DISABILITY DISCRIMINATION-ACCESSIBILITY
650 _aEXTERNAL DOORS
690 _aBUILT ENVIRONMENT
942 _n0
999 _c101823
_d101823